[Event "Bhubaneswar op 16th"]
[Site "Bhubaneswar"]
[Date "2025.05.13"]
[Round "7"]
[White "Agnivo, Chakraborty"]
[Black "Teterev, Vitaly"]
[Result "0-1"]
[WhiteElo "2016"]
[BlackElo "2258"]
[PlyCount "54"]
[EventDate "2025.05.09"]
[EventType "swiss"]
[EventRounds "10"]
[EventCountry "IND"]
[SourceTitle "CB21_2025"]
[SourceDate "2025.05.21"]
[SourceVersion "1"]
[SourceVersionDate "2025.05.21"]
[SourceQuality "1"]

1. e4 c5 2. Nf3 e6 3. d4 cxd4 4. Nxd4 a6 5. Nc3 b5 6. Bd3 Bb7 7. 0-0 Nc6 8. Be3 Nf6 9. Kh1 b4 10. Na4 Nxd4 11. Bxd4 Nxe4 12. Qh5 Nf6 13. Qh3 Bc6 14. Nb6 Rb8 15. Nc4 Be7 16. f4 d6 17. Rae1 Rb5 18. Nd2 Rh5 19. Qg3 Bb5 20. Qf3 Bxd3 21. Bxf6 Bxf6 22. cxd3 g6 23. Qc6+ Kf8 24. Ne4 Bxb2 25. Ng5 h6 26. Nxe6+ fxe6 27. Rxe6 Rxh2+ 0-1

[Event "Bhubaneswar op 16th"]
[Site "Bhubaneswar"]
[Date "2025.05.13"]
[Round "6"]
[White "Teterev, Vitaly"]
[Black "Parambrata, Sarkar"]
[Result "1/2-1/2"]
[WhiteElo "2258"]
[BlackElo "2052"]
[PlyCount "143"]
[EventDate "2025.05.09"]
[EventType "swiss"]
[EventRounds "10"]
[EventCountry "IND"]
[SourceTitle "CB21_2025"]
[SourceDate "2025.05.21"]
[SourceVersion "1"]
[SourceVersionDate "2025.05.21"]
[SourceQuality "1"]

1. Nf3 Nf6 2. g3 e6 3. Bg2 Be7 4. 0-0 0-0 5. d3 d5 6. Nbd2 a5 7. a4 Nc6 8. e4 dxe4 9. dxe4 e5 10. b3 Bc5 11. Bb2 Qe7 12. Nc4 Rd8 13. Qe2 Nd4 14. Nxd4 Bxd4 15. Bxd4 Rxd4 16. c3 Rd8 17. Rfb1 b6 18. Bf1 Bb7 19. f3 Bc6 20. Qe3 h6 21. Nb2 h5 22. Nd3 g6 23. h4 Qe6 24. Nf2 Qd6 25. Bc4 Qd2 26. Qxd2 Rxd2 27. Rd1 Rxd1+ 28. Rxd1 Re8 29. Nd3 Re7 30. Ra1 Nd7 31. b4 Kg7 32. Kf2 f5 33. bxa5 bxa5 34. Ke3 Kf6 35. Bb5 Ba8 36. Rb1 Nb6 37. c4 Nc8 38. Ba6 Nb6 39. Bb5 Nc8 40. c5 Na7 41. Nb2 Nc6 42. Nc4 Ke6 43. Bxc6 Bxc6 44. Ra1 fxe4 45. Nxa5 Ba8 46. fxe4 Rd7 47. Nb3 Bc6 48. Na5 Ba8 49. Rc1 Rd4 50. Rc4 Rd1 51. Rb4 Re1+ 52. Kf2 Rxe4 53. Rxe4 Bxe4 54. Ke3 Bc2 55. Nc6 Bxa4 56. Nb4 Bb5 57. Ke4 Bc4 58. Ke3 Bd5 59. Na6 Kd7 60. Nb4 c6 61. Nd3 Ke6 62. Nb4 Bh1 63. Kf2 Kf5 64. Ke3 Be4 65. Na2 Bd5 66. Nc3 Ke6 67. Kd3 Bb3 68. Ke4 Bc2+ 69. Ke3 Kd7 70. Kd2 Bf5 71. Ke3 Kc7 72. Na2 1/2-1/2

[Event "Kottayam op"]
[Site "Kottayam"]
[Date "2025.05.02"]
[Round "4"]
[White "Pantsulaia, Levan"]
[Black "Teterev, Vitaly"]
[Result "1-0"]
[WhiteElo "2532"]
[BlackElo "2266"]
[PlyCount "79"]
[EventDate "2025.04.30"]
[EventType "swiss"]
[EventRounds "10"]
[EventCountry "IND"]
[SourceTitle "CB19_2025"]
[SourceDate "2025.05.07"]
[SourceVersion "1"]
[SourceVersionDate "2025.05.07"]
[SourceQuality "1"]

1. Nf3 g6 2. e4 Bg7 3. d4 d6 4. c4 Bg4 5. Be2 Nc6 6. Be3 e5 7. d5 Bxf3 8. Bxf3 Nd4 9. Qa4+ Qd7 10. Qxd7+ Kxd7 11. Bd1 f5 12. Nc3 Nf6 13. exf5 Nxf5 14. Bg5 Raf8 15. h4 Nd4 16. b4 c6 17. dxc6+ bxc6 18. b5 cxb5 19. cxb5 h5 20. a4 Ke6 21. Ne2 Ne4 22. Be3 d5 23. f3 Nd6 24. Nxd4+ exd4 25. Bg5 Nc4 26. Kf2 Kd6 27. Rc1 d3 28. Bb3 Bb2 29. Rxc4 dxc4 30. Bxc4 Bd4+ 31. Kg3 Bf6 32. Bxd3 Bxg5 33. hxg5 Rc8 34. Bxg6 Rcg8 35. Rc1 h4+ 36. Kg4 Rc8 37. Rd1+ Kc5 38. Rd7 Kb6 39. Be4 Rc4 40. Rb7+ 1-0

[Event "Kottayam op"]
[Site "Kottayam"]
[Date "2025.05.01"]
[Round "2"]
[White "Teterev, Vitaly"]
[Black "Gokul, G1."]
[Result "1-0"]
[WhiteElo "2266"]
[BlackElo "1857"]
[PlyCount "109"]
[EventDate "2025.04.30"]
[EventType "swiss"]
[EventRounds "10"]
[EventCountry "IND"]
[SourceTitle "CB19_2025"]
[SourceDate "2025.05.07"]
[SourceVersion "1"]
[SourceVersionDate "2025.05.07"]
[SourceQuality "1"]

1. Nf3 c5 2. e4 Nc6 3. Bb5 g6 4. 0-0 Bg7 5. c3 e5 6. d4 cxd4 7. cxd4 exd4 8. Bf4 a6 9. Ba4 Nge7 10. Bd6 b5 11. Bb3 Bb7 12. Nbd2 Nc8 13. Bg3 0-0 14. e5 N8e7 15. Re1 Nf5 16. Ne4 Nxg3 17. hxg3 Rb8 18. Bd5 Nxe5 19. Bxb7 Nxf3+ 20. Qxf3 Rxb7 21. Nf6+ Qxf6 22. Qxb7 Qc6 23. Qxc6 dxc6 24. Rac1 Rc8 25. b4 Bf8 26. Rb1 c5 27. bxc5 Rxc5 28. Rb2 Rc4 29. Kf1 Kg7 30. Rd1 Bb4 31. Ke2 Bc3 32. Rc2 b4 33. Kd3 Rc6 34. Re2 Rc5 35. Kc2 h5 36. Kb3 g5 37. Rd3 g4 38. f3 f5 39. f4 Kf6 40. Rd1 Ra5 41. Kc4 Ra3 42. Rh1 Kg6 43. Re6+ Kf7 44. Rb6 d3 45. Kxd3 Bg7+ 46. Kc4 Rxg3 47. Rxh5 Rxg2 48. Rxf5+ Ke8 49. Rg5 Bf8 50. Rb8+ Ke7 51. Re5+ Kf7 52. Rf5+ Ke7 53. Rbxf8 Rxa2 54. R8f7+ Ke8 55. Rg7 1-0

[Event "Maharashtra op 3rd"]
[Site "Hadapsar"]
[Date "2025.04.21"]
[Round "2"]
[White "Kumar S, Madhesh"]
[Black "Teterev, Vitaly"]
[Result "1-0"]
[WhiteElo "2183"]
[BlackElo "2266"]
[PlyCount "67"]
[EventDate "2025.04.20"]
[EventType "swiss"]
[EventRounds "10"]
[EventCountry "IND"]
[SourceTitle "CB18_2025"]
[SourceDate "2025.04.30"]
[SourceVersion "1"]
[SourceVersionDate "2025.04.30"]
[SourceQuality "1"]

1. e4 c5 2. Nf3 Nc6 3. d4 cxd4 4. Nxd4 e6 5. Nc3 Qc7 6. Be2 a6 7. Nxc6 bxc6 8. Qd3 Nf6 9. Qg3 Qxg3 10. hxg3 d5 11. g4 Bb4 12. Bd2 d4 13. g5 dxc3 14. bxc3 Bc5 15. gxf6 gxf6 16. Rh6 Ke7 17. e5 fxe5 18. Bg5+ Ke8 19. Bf6 Bf8 20. Rd1 Bd7 21. Rh3 Rg8 22. Rhd3 Rg6 23. Rxd7 Rxf6 24. Bf3 Rxf3 25. gxf3 Be7 26. Rb7 Rd8 27. Ra7 Rb8 28. Rdd7 Bc5 29. Rac7 Rb1+ 30. Ke2 Rc1 31. Rxf7 Rxc2+ 32. Kd3 Rxf2 33. Rxh7 Rxf3+ 34. Kc4 1-0

[Event "Titled Tuesday intern op 01st Apr Early"]
[Site "Chess.com INT"]
[Date "2025.04.01"]
[Round "1"]
[White "Sarana, Alexey"]
[Black "Teterev, Vitaly"]
[Result "1-0"]
[WhiteElo "2689"]
[BlackElo "2266"]
[PlyCount "49"]
[EventDate "2025.04.01"]
[EventType "swiss (blitz)"]
[EventRounds "11"]
[EventCountry "USA"]
[SourceTitle "CB15_2025"]
[SourceDate "2025.04.09"]
[SourceVersion "1"]
[SourceVersionDate "2025.04.09"]
[SourceQuality "1"]

1. d4 Nf6 2. c4 g6 3. Nc3 Bg7 4. e4 d6 5. Nf3 0-0 6. Be2 e5 7. 0-0 Na6 8. Be3 c6 9. d5 Ng4 10. Bg5 f6 11. Bh4 c5 12. Ne1 Nh6 13. Nd3 Nf7 14. Bg4 Bxg4 15. Qxg4 Bh6 16. Rae1 Bg5 17. Bxg5 fxg5 18. g3 h5 19. Qe6 Kg7 20. f4 Nc7 21. Qh3 exf4 22. gxf4 gxf4 23. Rxf4 Ng5 24. Qg3 Rxf4 25. Nxf4 1-0

[Event "Titled Tuesday intern op 25th Mar Early"]
[Site "Chess.com INT"]
[Date "2025.03.25"]
[Round "7"]
[White "Teterev, Vitaly"]
[Black "Lopez Rayo, Isabella"]
[Result "0-1"]
[WhiteElo "2266"]
[BlackElo "2014"]
[PlyCount "54"]
[EventDate "2025.03.25"]
[EventType "swiss (blitz)"]
[EventRounds "11"]
[EventCountry "USA"]
[SourceTitle "CB14_2025"]
[SourceDate "2024.11.01"]
[SourceVersion "1"]
[SourceVersionDate "2024.11.01"]
[SourceQuality "1"]

1. e4 e5 2. Nf3 Nc6 3. Bc4 Bc5 4. c3 Nf6 5. d4 exd4 6. cxd4 Bb4+ 7. Bd2 Bxd2+ 8. Nbxd2 d5 9. exd5 Nxd5 10. 0-0 0-0 11. h3 Nb6 12. Bb3 Nxd4 13. Nxd4 Qxd4 14. Rc1 c6 15. Nf3 Qxb2 16. Re1 Qf6 17. a4 Bf5 18. a5 Rad8 19. Qe2 Nd5 20. Qc4 a6 21. Nd4 Bc8 22. Qc5 Nf4 23. Rcd1 Bxh3 24. g3 Nd5 25. Re4 Nc7 26. Rd3 Ne6 27. Nxe6 fxe6 0-1

[Event "Titled Tuesday intern op 11th Mar Early"]
[Site "Chess.com INT"]
[Date "2025.03.11"]
[Round "9"]
[White "Jahnz, Laurin"]
[Black "Teterev, Vitaly"]
[Result "0-1"]
[WhiteElo "2157"]
[BlackElo "2266"]
[PlyCount "50"]
[EventDate "2025.03.11"]
[EventType "swiss (blitz)"]
[EventRounds "11"]
[EventCountry "USA"]
[SourceTitle "CB12_2025"]
[SourceDate "2025.03.19"]
[SourceVersion "1"]
[SourceVersionDate "2025.03.19"]
[SourceQuality "1"]

1. e4 c5 2. Nf3 d6 3. Bb5+ Bd7 4. Bxd7+ Nxd7 5. 0-0 Ngf6 6. Qe2 e6 7. Rd1 Be7 8. c3 0-0 9. d4 Qc7 10. h3 Rac8 11. Bf4 cxd4 12. cxd4 Qc2 13. Qxc2 Rxc2 14. e5 dxe5 15. dxe5 Nd5 16. Nc3 N7b6 17. Nxd5 Nxd5 18. Bc1 Bc5 19. Nd4 Bxd4 20. Rxd4 Rfc8 21. Rd1 b5 22. Kf1 h6 23. b3 b4 24. Be3 a5 25. Rac1 Nxe3+ 0-1

[Event "Titled Tuesday intern op 11th Mar Early"]
[Site "Chess.com INT"]
[Date "2025.03.11"]
[Round "1"]
[White "Lazavik, Denis"]
[Black "Teterev, Vitaly"]
[Result "1-0"]
[WhiteElo "2572"]
[BlackElo "2266"]
[PlyCount "107"]
[EventDate "2025.03.11"]
[EventType "swiss (blitz)"]
[EventRounds "11"]
[EventCountry "USA"]
[SourceTitle "CB12_2025"]
[SourceDate "2025.03.19"]
[SourceVersion "1"]
[SourceVersionDate "2025.03.19"]
[SourceQuality "1"]

1. d4 Nf6 2. c4 g6 3. Nc3 Bg7 4. e4 d6 5. Be2 0-0 6. Nf3 e5 7. 0-0 Na6 8. Be3 c6 9. d5 Ng4 10. Bg5 f6 11. Bh4 c5 12. Nd2 Nh6 13. a3 Nf7 14. h3 Qe8 15. Nb5 Bd7 16. b4 Qe7 17. Rb1 Bh6 18. Rb2 Bg5 19. Bg3 Bf4 20. Bxf4 exf4 21. Bg4 Ne5 22. Bxd7 Qxd7 23. Qe2 b6 24. Nf3 Nc7 25. bxc5 bxc5 26. Rfb1 Nxb5 27. Rxb5 Rf7 28. a4 Re8 29. a5 f5 30. Ng5 f3 31. Nxf3 Nxf3+ 32. Qxf3 fxe4 33. Qe3 Qf5 34. a6 Ref8 35. R1b2 Qe5 36. Rb8 Kg7 37. Rxf8 Rxf8 38. Rb7+ Rf7 39. g3 Qa1+ 40. Kg2 Qxa6 41. Rxf7+ Kxf7 42. Qxe4 Qc8 43. Qf4+ Ke7 44. Qh4+ Ke8 45. Qxh7 Qf5 46. Qxa7 Qe4+ 47. Kg1 Qxc4 48. Qb8+ Kf7 49. Qxd6 Qc1+ 50. Kg2 c4 51. Qe6+ Kg7 52. d6 c3 53. d7 Qd2 54. Qe7+ 1-0

[Event "Titled Tuesday intern op 11th Mar Early"]
[Site "Chess.com INT"]
[Date "2025.03.11"]
[Round "8"]
[White "Mendez Machado, Andre"]
[Black "Teterev, Vitaly"]
[Result "0-1"]
[WhiteElo "2165"]
[BlackElo "2266"]
[PlyCount "60"]
[EventDate "2025.03.11"]
[EventType "swiss (blitz)"]
[EventRounds "11"]
[EventCountry "USA"]
[SourceTitle "CB12_2025"]
[SourceDate "2025.03.19"]
[SourceVersion "1"]
[SourceVersionDate "2025.03.19"]
[SourceQuality "1"]

1. e4 c5 2. Nf3 d6 3. Bb5+ Bd7 4. Bxd7+ Nxd7 5. 0-0 Ngf6 6. Re1 e6 7. c3 Be7 8. d4 0-0 9. h3 Rc8 10. Bf4 cxd4 11. cxd4 d5 12. e5 Ne4 13. Nbd2 Bb4 14. a3 Bxd2 15. Nxd2 Nb6 16. f3 Nxd2 17. Bxd2 Nc4 18. Bb4 Re8 19. b3 a5 20. Bc3 Nxe5 21. Bxa5 Nxf3+ 22. Qxf3 Qxa5 23. Rf1 Re7 24. b4 Qb6 25. Rad1 h6 26. Kh1 Rc4 27. Qf4 Qc7 28. Qg4 b5 29. Rd3 Rc3 30. Rff3 Rc1+ 0-1

[Event "Titled Tuesday intern op 11th Mar Early"]
[Site "Chess.com INT"]
[Date "2025.03.11"]
[Round "4"]
[White "Teterev, Vitaly"]
[Black "Fernandez Siles, Luis"]
[Result "1-0"]
[WhiteElo "2266"]
[BlackElo "2169"]
[PlyCount "73"]
[EventDate "2025.03.11"]
[EventType "swiss (blitz)"]
[EventRounds "11"]
[EventCountry "USA"]
[SourceTitle "CB12_2025"]
[SourceDate "2025.03.19"]
[SourceVersion "1"]
[SourceVersionDate "2025.03.19"]
[SourceQuality "1"]

1. e4 c5 2. Nf3 Nc6 3. Bb5 g6 4. 0-0 Bg7 5. Bxc6 dxc6 6. d3 Bg4 7. Nbd2 Nf6 8. h3 Bxf3 9. Nxf3 Nd7 10. Qe2 e5 11. a3 a5 12. Be3 0-0 13. Bd2 a4 14. Bc3 Qe7 15. Nh2 Rfe8 16. Rae1 Nf8 17. Ng4 h5 18. Nh2 Ne6 19. g3 b5 20. Nf3 Ng5 21. Nxg5 Qxg5 22. Kh2 h4 23. Bd2 Qe7 24. Qg4 Rab8 25. gxh4 b4 26. h5 gxh5 27. Qxh5 Qf6 28. Rg1 Re6 29. Rg2 bxa3 30. bxa3 Rb2 31. Reg1 Rxc2 32. Rxg7+ Qxg7 33. Rxg7+ Kxg7 34. Qg5+ Rg6 35. Qxe5+ Kh7 36. Qf4 Kg7 37. Be3 1-0

[Event "Titled Tuesday intern op 04th Mar Early"]
[Site "Chess.com INT"]
[Date "2025.03.04"]
[Round "7"]
[White "Gadzhiev, Ruslan"]
[Black "Teterev, Vitaly"]
[Result "1-0"]
[WhiteElo "2121"]
[BlackElo "2266"]
[PlyCount "61"]
[EventDate "2025.03.04"]
[EventType "swiss (blitz)"]
[EventRounds "11"]
[EventCountry "USA"]
[SourceTitle "CB11_2025"]
[SourceDate "2025.03.12"]
[SourceVersion "1"]
[SourceVersionDate "2025.03.12"]
[SourceQuality "1"]

1. e4 c5 2. Nf3 Nc6 3. d4 cxd4 4. Nxd4 e6 5. Nc3 Qc7 6. a3 a6 7. Be3 b5 8. Be2 Bb7 9. Nb3 Nf6 10. f4 d6 11. 0-0 Be7 12. Bf3 0-0 13. Qd2 Rac8 14. Rfe1 Rfe8 15. Rad1 Bf8 16. Qf2 Nd7 17. Na2 Na5 18. Nxa5 Qxa5 19. c3 Qa4 20. Rd4 Rc4 21. Rxc4 Qxc4 22. Nb4 a5 23. Be2 Qxe4 24. Bf3 Qc4 25. Bxb7 axb4 26. axb4 d5 27. Qe2 Qc7 28. Ba6 Nf6 29. Bxb5 Rb8 30. Bd4 Qxf4 31. Be5 1-0

[Event "Titled Tuesday intern op 04th Mar Early"]
[Site "Chess.com INT"]
[Date "2025.03.04"]
[Round "3"]
[White "Herrera, Juan Sebastian"]
[Black "Teterev, Vitaly"]
[Result "0-1"]
[WhiteElo "2230"]
[BlackElo "2266"]
[PlyCount "66"]
[EventDate "2025.03.04"]
[EventType "swiss (blitz)"]
[EventRounds "11"]
[EventCountry "USA"]
[SourceTitle "CB11_2025"]
[SourceDate "2025.03.12"]
[SourceVersion "1"]
[SourceVersionDate "2025.03.12"]
[SourceQuality "1"]

1. d4 Nf6 2. c4 e6 3. Nc3 Bb4 4. f3 d6 5. e4 e5 6. dxe5 Bxc3+ 7. bxc3 dxe5 8. Qxd8+ Kxd8 9. Bg5 Be6 10. Rb1 b6 11. c5 Nbd7 12. Bb5 Nxc5 13. Bc6 Rb8 14. Ne2 Ke7 15. Kf2 h6 16. Be3 Nd3+ 17. Kf1 Rhd8 18. g4 a5 19. a4 Bc4 20. Kg2 Rd6 21. Bb5 Bxb5 22. Rxb5 Rbd8 23. Ng3 g6 24. g5 hxg5 25. Bxg5 Ke6 26. h4 Nf4+ 27. Bxf4 exf4 28. Ne2 Nh5 29. Kf2 Rd2 30. c4 Rxe2+ 31. Kxe2 Ng3+ 32. Kf2 Nxh1+ 33. Kg2 Ng3 0-1

[Event "Titled Tuesday intern op 04th Mar Early"]
[Site "Chess.com INT"]
[Date "2025.03.04"]
[Round "11"]
[White "Kjaergaard Jensen, Jesper"]
[Black "Teterev, Vitaly"]
[Result "1-0"]
[WhiteElo "2081"]
[BlackElo "2266"]
[PlyCount "85"]
[EventDate "2025.03.04"]
[EventType "swiss (blitz)"]
[EventRounds "11"]
[EventCountry "USA"]
[SourceTitle "CB11_2025"]
[SourceDate "2025.03.12"]
[SourceVersion "1"]
[SourceVersionDate "2025.03.12"]
[SourceQuality "1"]

1. d4 Nf6 2. Nf3 g6 3. c3 Bg7 4. Bg5 0-0 5. Nbd2 d6 6. Bxf6 Bxf6 7. e4 e5 8. dxe5 dxe5 9. Nc4 Qe7 10. Ne3 c6 11. h4 h5 12. Be2 Rd8 13. Qc1 Nd7 14. g4 hxg4 15. Nxg4 Nc5 16. Nxf6+ Qxf6 17. Qe3 Bg4 18. h5 Nd3+ 19. Kf1 Bxh5 20. Rxh5 gxh5 21. Bxd3 Qf4 22. Qxf4 exf4 23. Ke2 f6 24. Rh1 Kg7 25. Rxh5 Rh8 26. Rf5 Rh1 27. Rxf4 Ra1 28. e5 fxe5 29. Nxe5 Re8 30. Re4 Rxa2 31. Ke3 Rxb2 32. Rg4+ Kf6 33. f4 Rh8 34. Rg6+ Ke7 35. Bf5 Rh1 36. Rg7+ Kd6 37. Kd4 Rd1+ 38. Ke4 Re1+ 39. Kd4 Rd2+ 40. Bd3 c5+ 41. Kc4 b5+ 42. Kxb5 a6+ 43. Kc4 1-0

[Event "Titled Tuesday intern op 04th Mar Early"]
[Site "Chess.com INT"]
[Date "2025.03.04"]
[Round "10"]
[White "Teterev, Vitaly"]
[Black "Kleimenov, Nikolay"]
[Result "0-1"]
[WhiteElo "2266"]
[BlackElo "2081"]
[PlyCount "76"]
[EventDate "2025.03.04"]
[EventType "swiss (blitz)"]
[EventRounds "11"]
[EventCountry "USA"]
[SourceTitle "CB11_2025"]
[SourceDate "2025.03.12"]
[SourceVersion "1"]
[SourceVersionDate "2025.03.12"]
[SourceQuality "1"]

1. Nf3 Nf6 2. g3 g6 3. Bg2 Bg7 4. 0-0 0-0 5. d4 d6 6. c4 Nc6 7. Nc3 e5 8. dxe5 dxe5 9. Bg5 Be6 10. Qa4 h6 11. Rfd1 Qe7 12. Nd5 Bxd5 13. cxd5 Nd4 14. Nxd4 exd4 15. Bf4 g5 16. Bd2 Qxe2 17. Qxd4 Ng4 18. Qe4 Qxf2+ 19. Kh1 Nf6 20. Qf3 Qxf3 21. Bxf3 Nd7 22. Rac1 Ne5 23. Be2 Rac8 24. Bb4 Rfd8 25. Kg2 c6 26. dxc6 Rxd1 27. Rxd1 Nxc6 28. Ba3 Nd4 29. Bd3 b6 30. Re1 Rd8 31. h4 gxh4 32. gxh4 Bf6 33. h5 Bg5 34. Re4 Nf5 35. Bb5 Kg7 36. Ra4 Rd2+ 37. Kf3 Nd4+ 38. Ke4 Nxb5 0-1

[Event "Titled Tuesday intern op 04th Mar Early"]
[Site "Chess.com INT"]
[Date "2025.03.04"]
[Round "4"]
[White "Teterev, Vitaly"]
[Black "Muniz, Rafael"]
[Result "1-0"]
[WhiteElo "2266"]
[BlackElo "2140"]
[PlyCount "45"]
[EventDate "2025.03.04"]
[EventType "swiss (blitz)"]
[EventRounds "11"]
[EventCountry "USA"]
[SourceTitle "CB11_2025"]
[SourceDate "2025.03.12"]
[SourceVersion "1"]
[SourceVersionDate "2025.03.12"]
[SourceQuality "1"]

1. e4 c5 2. Nf3 e6 3. g3 Nc6 4. Bg2 d5 5. exd5 exd5 6. d4 Nf6 7. 0-0 cxd4 8. Re1+ Be7 9. Nxd4 0-0 10. Nc3 Bg4 11. Qd3 a6 12. a3 Bh5 13. Nf5 Bc5 14. b4 Ba7 15. Nxd5 Ng4 16. Rf1 Bg6 17. Bb2 Nce5 18. Qe4 Re8 19. Qf4 Rc8 20. Rad1 Rc4 21. Nde7+ Kf8 22. Bxe5 Rxf4 23. Bxg7# 1-0

[Event "Titled Tuesday intern op 25th Feb Early"]
[Site "Chess.com INT"]
[Date "2025.02.25"]
[Round "5"]
[White "Andrade, Ivan"]
[Black "Teterev, Vitaly"]
[Result "0-1"]
[WhiteElo "2161"]
[BlackElo "2257"]
[PlyCount "88"]
[EventDate "2025.02.25"]
[EventType "swiss (blitz)"]
[EventRounds "11"]
[EventCountry "USA"]
[SourceTitle "CB10_2025"]
[SourceDate "2025.03.05"]
[SourceVersion "1"]
[SourceVersionDate "2025.03.05"]
[SourceQuality "1"]

1. e4 c5 2. Nf3 Nc6 3. d4 cxd4 4. Nxd4 Nf6 5. Nc3 e6 6. Ndb5 Bb4 7. a3 Bxc3+ 8. Nxc3 d5 9. exd5 exd5 10. Bd3 d4 11. Ne2 Bf5 12. Bc4 Ne5 13. Bb5+ Bd7 14. Bxd7+ Qxd7 15. Qxd4 Qxd4 16. Nxd4 0-0-0 17. Nf5 g6 18. Bg5 Neg4 19. Ne3 Nxe3 20. Bxe3 Nd5 21. 0-0 Nxe3 22. fxe3 f5 23. Rad1 Rde8 24. Kf2 Re4 25. Rd4 Re6 26. Rfd1 Rhe8 27. Rc4+ Kb8 28. Rc3 b6 29. g3 Kb7 30. Rd5 R8e7 31. Rcd3 Kc6 32. R5d4 b5 33. Rd8 a5 34. Ra8 Kb6 35. Rb8+ Ka6 36. Rbd8 b4 37. a4 Rc7 38. R8d6+ Rxd6 39. Rxd6+ Kb7 40. Rd2 Kc6 41. Kf3 Re7 42. Rd3 Kc5 43. Kf4 Re4+ 44. Kg5 Rg4+ 0-1

[Event "Titled Tuesday intern op 25th Feb Early"]
[Site "Chess.com INT"]
[Date "2025.02.25"]
[Round "11"]
[White "Maltsevskaya, Aleksandra"]
[Black "Teterev, Vitaly"]
[Result "0-1"]
[WhiteElo "2371"]
[BlackElo "2257"]
[PlyCount "82"]
[EventDate "2025.02.25"]
[EventType "swiss (blitz)"]
[EventRounds "11"]
[EventCountry "USA"]
[SourceTitle "CB10_2025"]
[SourceDate "2025.03.05"]
[SourceVersion "1"]
[SourceVersionDate "2025.03.05"]
[SourceQuality "1"]

1. Nf3 d5 2. g3 Nd7 3. d3 e5 4. Nbd2 Bd6 5. e4 c6 6. Bg2 Ngf6 7. 0-0 0-0 8. Re1 Re8 9. h3 a5 10. g4 Nf8 11. Nf1 Ng6 12. Ng3 dxe4 13. dxe4 Bb4 14. c3 Qxd1 15. Rxd1 Bc5 16. g5 Nd7 17. Nf5 Ndf8 18. Be3 Ne6 19. h4 Bxe3 20. fxe3 Nc5 21. h5 Bxf5 22. exf5 Ne7 23. f6 Nf5 24. e4 Ne3 25. Rd6 gxf6 26. Re1 Nxe4 27. Rd7 Nc5 28. Rd2 Nc4 29. Rde2 Nd3 30. gxf6 Nxe1 31. Rxe1 Re6 32. b3 Nd6 33. c4 e4 34. Ng5 Re5 35. Nh3 Rae8 36. Kf2 e3+ 37. Ke2 Nf5 38. Rg1 Kh8 39. Bf1 h6 40. Nf4 Nd4+ 41. Kd3 e2 0-1

[Event "Titled Tuesday intern op 25th Feb Early"]
[Site "Chess.com INT"]
[Date "2025.02.25"]
[Round "9"]
[White "Teterev, Vitaly"]
[Black "Vijayakumar, Rishi"]
[Result "1-0"]
[WhiteElo "2257"]
[BlackElo "2311"]
[PlyCount "125"]
[EventDate "2025.02.25"]
[EventType "swiss (blitz)"]
[EventRounds "11"]
[EventCountry "USA"]
[SourceTitle "CB10_2025"]
[SourceDate "2025.03.05"]
[SourceVersion "1"]
[SourceVersionDate "2025.03.05"]
[SourceQuality "1"]

1. e4 e5 2. Nf3 Nc6 3. Bb5 a6 4. Bxc6 dxc6 5. 0-0 Qf6 6. d4 exd4 7. Bg5 Qd6 8. Qxd4 Qxd4 9. Nxd4 Bd7 10. Nc3 f6 11. Bf4 0-0-0 12. Rad1 Ne7 13. Bg3 h5 14. f4 h4 15. Bf2 Ng6 16. Be3 Bb4 17. Nde2 h3 18. g3 Bg4 19. Rxd8+ Rxd8 20. Kf2 Nf8 21. a3 Ba5 22. b4 Bb6 23. Bxb6 cxb6 24. Rd1 Rxd1 25. Nxd1 Ne6 26. c3 f5 27. Ne3 Bxe2 28. Kxe2 fxe4 29. Nc4 b5 30. Nd6+ Kd7 31. Nxe4 b6 32. f5 Nc7 33. Ng5 Ke7 34. Nxh3 Kf6 35. g4 Ke5 36. Ng5 Nd5 37. Kd3 Nf4+ 38. Kd2 Kf6 39. Ne6 Nxe6 40. fxe6 g5 41. Ke3 Kxe6 42. Ke4 a5 43. Kf3 Ke5 44. Kg3 Kf6 45. h4 Kg6 46. hxg5 Kxg5 47. Kf3 c5 48. Kg3 Kf6 49. Kf4 Ke6 50. Ke4 Kf6 51. Kf4 Ke6 52. g5 Kd5 53. Kf5 Kc4 54. g6 Kxc3 55. g7 cxb4 56. axb4 Kxb4 57. g8Q a4 58. Qa2 Ka5 59. Ke4 b4 60. Kd4 b5 61. Kc5 a3 62. Qb3 a2 63. Qxa2# 1-0

[Event "Minsk Bronstein Memorial"]
[Site "Minsk"]
[Date "2025.02.16"]
[Round "7"]
[White "Zeliantsova, Kseniya"]
[Black "Teterev, Vitaly"]
[Result "1/2-1/2"]
[WhiteElo "1999"]
[BlackElo "2257"]
[PlyCount "100"]
[EventDate "2025.02.15"]
[EventType "swiss (rapid)"]
[EventRounds "10"]
[EventCountry "BLR"]
[SourceTitle "CB09_2025"]
[SourceDate "2025.02.27"]
[SourceVersion "1"]
[SourceVersionDate "2025.02.27"]
[SourceQuality "1"]

1. e4 c5 2. Nf3 d6 3. Bb5+ Nc6 4. c3 Nf6 5. Qe2 Bd7 6. 0-0 a6 7. Ba4 g6 8. d4 cxd4 9. cxd4 Bg7 10. Nc3 0-0 11. e5 Ne8 12. h3 dxe5 13. dxe5 Nc7 14. Rd1 Qe8 15. Bf4 Ne6 16. Bg3 Nxe5 17. Nxe5 Bxa4 18. Nxa4 Qxa4 19. Nd7 Nd4 20. Qxe7 Nf5 21. Qg5 Rad8 22. b3 Qa5 23. Nxf8 Rxf8 24. Rac1 Qxa2 25. Rd8 Qxb3 26. Rcc8 Qb4 27. Bc7 Qe1+ 28. Kh2 Qe6 29. Rxf8+ Bxf8 30. Qd8 Qe7 31. Qxe7 Nxe7 32. Re8 Nf5 33. g4 Ng7 34. Rb8 Ne6 35. Bd6 b5 36. Bxf8 Nxf8 37. Rb6 Ne6 38. Rxa6 Kg7 39. Rb6 Nd4 40. Kg3 h6 41. Kf4 Ne6+ 42. Ke3 g5 43. Rxb5 Nf4 44. h4 Ng2+ 45. Ke4 Nxh4 46. f4 gxf4 47. Kxf4 Ng6+ 48. Ke4 Nf8 49. Kf5 Ne6 50. Rb7 Ng5 1/2-1/2

[Event "Minsk Bronstein Memorial"]
[Site "Minsk"]
[Date "2025.02.15"]
[Round "5"]
[White "Shalygin, Andreij"]
[Black "Teterev, Vitaly"]
[Result "1-0"]
[WhiteElo "2166"]
[BlackElo "2257"]
[PlyCount "118"]
[EventDate "2025.02.15"]
[EventType "swiss (rapid)"]
[EventRounds "10"]
[EventCountry "BLR"]
[SourceTitle "CB09_2025"]
[SourceDate "2025.02.27"]
[SourceVersion "1"]
[SourceVersionDate "2025.02.27"]
[SourceQuality "1"]

1. e4 c5 2. c3 Nf6 3. e5 Nd5 4. d4 cxd4 5. cxd4 d6 6. Bc4 Nb6 7. Bb3 dxe5 8. Qh5 e6 9. dxe5 Nc6 10. Nc3 g6 11. Qg5 Qxg5 12. Bxg5 Nd7 13. f4 h6 14. Bf6 Nxf6 15. exf6 g5 16. Nge2 Bd7 17. Ne4 Rg8 18. 0-0 0-0-0 19. Rac1 gxf4 20. Nxf4 Kb8 21. Rfd1 Bb4 22. a3 Ba5 23. Rxd7 Rxd7 24. Nxe6 Bb6+ 25. Kh1 Ne5 26. Ng7 Rc8 27. Rxc8+ Kxc8 28. g3 Rd4 29. Nf5 Rd3 30. Ned6+ Kd7 31. Nxf7 Rxb3 32. Nxe5+ Ke6 33. f7 Bc5 34. Nd4+ Kxe5 35. Nxb3 Bf8 36. Na5 Ke6 37. Nxb7 Kxf7 38. Na5 Ke6 39. Kg2 Kd5 40. b4 Bg7 41. b5 Kc5 42. a4 Bc3 43. Nc6 a6 44. Kf3 axb5 45. axb5 Kxb5 46. Ne7 Kc5 47. Kg4 Bd4 48. Nf5 Bg1 49. h4 Kd5 50. Nxh6 Ke6 51. Kh5 Be3 52. g4 Bc1 53. Kg6 Ke7 54. g5 Kf8 55. h5 Bd2 56. Ng4 Kg8 57. Ne5 Bc3 58. Nf7 Bb2 59. h6 Bc3 1-0